The Next Person You Meet in Heaven (Record no. 235221)
[ view plain ]
| 000 -LEADER | |
|---|---|
| fixed length control field | 00580nim a22001935 4500 |
| 001 - CONTROL NUMBER | |
| control field | BK0022364327 |
| 005 - DATE AND TIME OF LATEST TRANSACTION | |
| control field | 20180802132836.0 |
| 007 - PHYSICAL DESCRIPTION FIXED FIELD--GENERAL INFORMATION | |
| fixed length control field | sd fungnnmmned |
| 008 - FIXED-LENGTH DATA ELEMENTS--GENERAL INFORMATION | |
| fixed length control field | 180730 eng |
| 020 ## - INTERNATIONAL STANDARD BOOK NUMBER | |
| International Standard Book Number | 9780062866677 : CMD |
| Terms of availability | 25.99 |
| 020 ## - INTERNATIONAL STANDARD BOOK NUMBER | |
| International Standard Book Number | 0062866672 : CMD |
| Terms of availability | 25.99 |
| 037 ## - SOURCE OF ACQUISITION | |
| Source of stock number/acquisition | Harperaudio, 53 Glenmaura National Blvd Ste 300, Moosaic, PA, USA, 18507-2132 |
| Note | SAN 200-2086 |
| 050 ## - LIBRARY OF CONGRESS CALL NUMBER | |
| Classification number | PS |
| 082 ## - DEWEY DECIMAL CLASSIFICATION NUMBER | |
| Classification number | 813 |
| 092 ## - LOCALLY ASSIGNED DEWEY CALL NUMBER (OCLC) | |
| Classification number | 813.0000 |
| 100 ## - MAIN ENTRY--PERSONAL NAME | |
| Personal name | Albom, Mitch/ Albom, Mitch (NRT) |
| 245 04 - TITLE STATEMENT | |
| Title | The Next Person You Meet in Heaven |
| 260 ## - PUBLICATION, DISTRIBUTION, ETC. (IMPRINT) | |
| Name of publisher, distributor, etc | Harperaudio |
| Date of publication, distribution, etc | 2018 |
| Withdrawn status | Lost status | Source of classification or shelving scheme | Materials specified (bound volume or other part) | Damaged status | Not for loan | Collection code | Home library | Current library | Shelving location | Date acquired | Cost, normal purchase price | Total Checkouts | Total Renewals | Full call number | Barcode | Date last seen | Date checked out | Cost, replacement price | Price effective from | Koha item type |
|---|---|---|---|---|---|---|---|---|---|---|---|---|---|---|---|---|---|---|---|---|
| Dewey Decimal Classification | .CIRCNOTE. 4 discs | Audiobooks | Wasatch County Library | Wasatch County Library | Second Floor | 01/14/2019 | 25.99 | 4 | 2 | CD Albom | 34301001622192 | 07/01/2025 | 06/06/2025 | 25.99 | 03/20/2020 | Audiobook on CD |
